[Event "Titled Tuesday intern op 25th Mar Early"]
[Site "Chess.com INT"]
[Date "2025.03.25"]
[Round "3"]
[White "Devaev, Alexander"]
[Black "Burdalev, Kirill"]
[Result "1-0"]
[WhiteElo "2306"]
[BlackElo "2340"]
[PlyCount "77"]
[EventDate "2025.03.25"]
[EventType "swiss (blitz)"]
[EventRounds "11"]
[EventCountry "USA"]
[SourceTitle "CB14_2025"]
[SourceDate "2024.11.01"]
[SourceVersion "1"]
[SourceVersionDate "2024.11.01"]
[SourceQuality "1"]

1. d4 c6 2. c4 d5 3. cxd5 cxd5 4. Nc3 Nf6 5. Nb1 Nc6 6. Nc3 Bf5 7. Bf4 e6 8. Rc1 Bb4 9. e3 0-0 10. Bb5 Bxc3+ 11. Rxc3 Qa5 12. Bxc6 bxc6 13. f3 Qxa2 14. Qc1 Qa5 15. Ne2 Nd7 16. 0-0 Qb5 17. Ng3 Bg6 18. Rxc6 h6 19. Qc3 Qd3 20. Ra1 Nb6 21. Bd6 Rfc8 22. Qxd3 Bxd3 23. Rxc8+ Nxc8 24. Bc5 Rb8 25. b4 a6 26. Nh5 f6 27. Nf4 Bf5 28. g4 g5 29. Nh5 Bg6 30. Nxf6+ Kf7 31. Nd7 Rb7 32. Ne5+ Kf6 33. Rxa6 Ne7 34. Bxe7+ Rxe7 35. b5 Be8 36. b6 Rb7 37. Ra8 Bb5 38. Rf8+ Kg7 39. Rf7+ 1-0

[Event "Titled Tuesday intern op 25th Mar Early"]
[Site "Chess.com INT"]
[Date "2025.03.25"]
[Round "2"]
[White "Kaliakhmet, Elnaz"]
[Black "Burdalev, Kirill"]
[Result "1-0"]
[WhiteElo "2241"]
[BlackElo "2340"]
[PlyCount "81"]
[EventDate "2025.03.25"]
[EventType "swiss (blitz)"]
[EventRounds "11"]
[EventCountry "USA"]
[SourceTitle "CB14_2025"]
[SourceDate "2024.11.01"]
[SourceVersion "1"]
[SourceVersionDate "2024.11.01"]
[SourceQuality "1"]

1. d4 d5 2. c4 e6 3. Nf3 Nf6 4. Nc3 a6 5. cxd5 exd5 6. Bg5 c6 7. e3 h6 8. Bh4 Be6 9. Bd3 Nbd7 10. 0-0 Bd6 11. Rb1 0-0 12. b4 Qc7 13. a4 Ng4 14. Bg3 Bxg3 15. hxg3 h5 16. Qd2 g6 17. b5 axb5 18. axb5 Ndf6 19. Rfc1 Kg7 20. Rc2 Rh8 21. Rbc1 h4 22. gxh4 Rxh4 23. Nxh4 Qh2+ 24. Kf1 Qxh4 25. Qe1 Qh1+ 26. Ke2 Qxg2 27. Qg1 Qh3 28. Qh1 Nh2 29. Kd1 Bg4+ 30. Be2 Bf5 31. Rb2 Ra3 32. Kd2 Nfg4 33. Qg1 Qh4 34. f3 Nf6 35. Qg2 Qh6 36. Rh1 Rxc3 37. Rxh2 Qxe3+ 38. Ke1 Rc2 39. Rxc2 Bxc2 40. Qh3 Bd3 41. Qh8# 1-0

[Event "CZE-chT1W 2425"]
[Site "Czech Republic"]
[Date "2025.03.02"]
[Round "9.2"]
[White "Burdalev, Kirill"]
[Black "Seidl, Jan1"]
[Result "1/2-1/2"]
[WhiteElo "2352"]
[BlackElo "2256"]
[PlyCount "65"]
[EventDate "2024.10.20"]
[EventType "team-tourn"]
[EventRounds "11"]
[EventCountry "CZE"]
[SourceTitle "CB16_2025"]
[SourceDate "2025.04.16"]
[SourceVersion "1"]
[SourceVersionDate "2025.04.16"]
[SourceQuality "1"]
[WhiteTeam "Praha Dopravni Podnik"]
[BlackTeam "Ricany Kobex"]
[WhiteTeamCountry "CZE"]
[BlackTeamCountry "CZE"]

1. d4 Nf6 2. Nf3 d5 3. e3 e6 4. Bd3 c5 5. b3 cxd4 6. exd4 Nc6 7. a3 Be7 8. Nbd2 a6 9. Bb2 b5 10. 0-0 0-0 11. Ne5 Bb7 12. Qf3 Qb6 13. Qh3 Nxe5 14. dxe5 Ne4 15. Rae1 Rac8 16. Re2 b4 17. axb4 Bxb4 18. Qh4 Bxd2 19. Rxd2 h6 20. Re2 Nc5 21. Bd4 Qb4 22. c3 Qxb3 23. Rb1 Qa3 24. Bc2 Ba8 25. c4 Rb8 26. Ra1 Qb4 27. Re3 Ne4 28. Bxe4 dxe4 29. h3 Qxc4 30. Rg3 Qxd4 31. Qf6 Qxa1+ 32. Kh2 g6 33. Rxg6+ 1/2-1/2

[Event "CZE-chT1W 2425"]
[Site "Czech Republic"]
[Date "2025.02.16"]
[Round "8.2"]
[White "Cech, Pavel"]
[Black "Burdalev, Kirill"]
[Result "1-0"]
[WhiteElo "2335"]
[BlackElo "2352"]
[PlyCount "43"]
[EventDate "2024.10.20"]
[EventType "team-tourn"]
[EventRounds "11"]
[EventCountry "CZE"]
[SourceTitle "CB16_2025"]
[SourceDate "2025.04.16"]
[SourceVersion "1"]
[SourceVersionDate "2025.04.16"]
[SourceQuality "1"]
[WhiteTeam "Turnov Zikuda II"]
[BlackTeam "Praha Dopravni Podnik"]
[WhiteTeamCountry "CZE"]
[BlackTeamCountry "CZE"]

1. d4 d5 2. c4 dxc4 3. e3 Nf6 4. Bxc4 e6 5. Nf3 c5 6. 0-0 Be7 7. dxc5 Bxc5 8. Qxd8+ Kxd8 9. a3 Ke7 10. b4 Bd6 11. Bb2 Nbd7 12. Nc3 Nb6 13. Bd3 Rd8 14. Rfd1 Bd7 15. Nb5 Bxb5 16. Bxb5 Rac8 17. Bd4 Nbd5 18. Rdc1 Rxc1+ 19. Rxc1 a5 20. bxa5 Bxa3 21. Rb1 Bb4 22. Rxb4 1-0

[Event "Titled Tuesday intern op 30th Jul Late"]
[Site "Chess.com INT"]
[Date "2024.07.30"]
[Round "5"]
[White "Burdalev, Kirill"]
[Black "Karttunen, Mika"]
[Result "0-1"]
[WhiteElo "2349"]
[BlackElo "2479"]
[PlyCount "102"]
[EventDate "2024.07.30"]
[EventType "swiss (blitz)"]
[EventRounds "11"]
[EventCountry "USA"]
[SourceTitle "EXT 2025"]
[Source "ChessBase"]
[SourceDate "2024.10.14"]
[SourceVersion "1"]
[SourceVersionDate "2024.10.14"]
[SourceQuality "1"]

1. d4 Nf6 2. c4 e6 3. Nf3 d5 4. Nc3 Bb4 5. cxd5 exd5 6. Bg5 h6 7. Bh4 c5 8. dxc5 Nbd7 9. a3 Bxc3+ 10. bxc3 Qa5 11. Qd4 0-0 12. Qb4 Qxc5 13. Qxc5 Nxc5 14. Bxf6 gxf6 15. e3 Be6 16. Rb1 Rac8 17. Nd4 b6 18. Bb5 Rc7 19. 0-0 Ne4 20. Rfc1 Rfc8 21. Bd3 Nxc3 22. Ra1 Na4 23. Rxc7 Rxc7 24. Nb5 Rd7 25. Rc1 Nc5 26. Bb1 Kf8 27. Kf1 Ke7 28. Ke2 a6 29. Nd4 Rc7 30. f3 Kd6 31. g4 b5 32. Bd3 Na4 33. Rxc7 Kxc7 34. Kd2 Kd6 35. h4 Kc5 36. Nb3+ Kd6 37. Nd4 Nb6 38. Kc3 Kc5 39. Nb3+ Kc6 40. Nd4+ Kc7 41. Nb3 Nd7 42. Kd4 Kd6 43. h5 Ne5 44. Be2 Nc6+ 45. Kc3 Bd7 46. Nd4 Ne5 47. f4 Nxg4 48. Kd2 Nf2 49. Kc3 Ne4+ 50. Kb4 Nc5 51. Ka5 Kc7 0-1

[Event "Titled Tuesday intern op 30th Jul Late"]
[Site "Chess.com INT"]
[Date "2024.07.30"]
[Round "3"]
[White "Burdalev, Kirill"]
[Black "Vasquez Schroder, Rodrigo Rafael"]
[Result "0-1"]
[WhiteElo "2349"]
[BlackElo "2475"]
[PlyCount "86"]
[EventDate "2024.07.30"]
[EventType "swiss (blitz)"]
[EventRounds "11"]
[EventCountry "USA"]
[SourceTitle "EXT 2025"]
[Source "ChessBase"]
[SourceDate "2024.10.14"]
[SourceVersion "1"]
[SourceVersionDate "2024.10.14"]
[SourceQuality "1"]

1. d4 Nf6 2. c4 e6 3. Nf3 c5 4. d5 d6 5. Nc3 exd5 6. cxd5 g6 7. Nd2 Nbd7 8. e4 Bg7 9. Be2 0-0 10. 0-0 Re8 11. a4 a6 12. h3 h6 13. Ra3 g5 14. Nc4 Nb6 15. Nxb6 Qxb6 16. Qc2 Nd7 17. Nd1 Ne5 18. Ne3 Bd7 19. Kh2 Qd8 20. f4 gxf4 21. Rxf4 Ng6 22. Nc4 b5 23. Nxd6 Be5 24. Rg3 Qc7 25. Nxe8 Rxe8 26. Rff3 h5 27. h4 Bg4 28. Qd3 c4 29. Qe3 Bxf3 30. Qxf3 Bxg3+ 31. Qxg3 Qxg3+ 32. Kxg3 Rxe4 33. d6 Kf8 34. Bg5 Rd4 35. Bf3 Rxd6 36. Be3 Rd3 37. Bc5+ Kg7 38. axb5 axb5 39. Kf2 Nxh4 40. Ke2 Nxf3 41. gxf3 Kg6 42. Bb6 Kf5 43. Bf2 Kf4 0-1

[Event "Poznan Schmidt Memorial"]
[Site "Poznan"]
[Date "2024.07.27"]
[Round "8"]
[White "Tomczak, Jacek"]
[Black "Burdalev, Kirill"]
[Result "1/2-1/2"]
[WhiteElo "2590"]
[BlackElo "2349"]
[PlyCount "33"]
[EventDate "2024.07.20"]
[EventType "tourn"]
[EventRounds "9"]
[EventCountry "POL"]
[EventCategory "7"]
[SourceTitle "CBM 221 Extra"]
[Source "ChessBase"]
[SourceDate "2024.09.30"]
[SourceVersion "1"]
[SourceVersionDate "2024.09.30"]
[SourceQuality "1"]

1. e4 e5 2. Nf3 Nc6 3. d4 exd4 4. Nxd4 Nf6 5. Nxc6 bxc6 6. e5 Qe7 7. Qe2 Nd5 8. h4 f6 9. c4 Ba6 10. Rh3 Nb6 11. exf6 Qxe2+ 12. Bxe2 Bxc4 13. fxg7 Bxg7 14. Bh5+ Kd8 15. Nc3 Kc8 16. Bd2 Be6 17. Rg3 1/2-1/2

[Event "Poznan Schmidt Memorial"]
[Site "Poznan"]
[Date "2024.07.24"]
[Round "5"]
[White "Licznerski, Lukasz"]
[Black "Burdalev, Kirill"]
[Result "1/2-1/2"]
[WhiteElo "2430"]
[BlackElo "2349"]
[PlyCount "146"]
[EventDate "2024.07.20"]
[EventType "tourn"]
[EventRounds "9"]
[EventCountry "POL"]
[EventCategory "7"]
[SourceTitle "CBM 221 Extra"]
[Source "ChessBase"]
[SourceDate "2024.09.30"]
[SourceVersion "1"]
[SourceVersionDate "2024.09.30"]
[SourceQuality "1"]

1. e4 e5 2. Nf3 Nc6 3. Nc3 Nf6 4. g3 d5 5. exd5 Nxd5 6. Bg2 Nxc3 7. bxc3 Bd6 8. 0-0 0-0 9. Rb1 Rb8 10. Re1 h6 11. d3 b6 12. c4 Bd7 13. Bb2 Re8 14. Bc3 Re7 15. Nd2 Nd4 16. Ne4 Ba4 17. Bxd4 exd4 18. Re2 Ba3 19. Bf3 Qf8 20. Nd2 Rxe2 21. Bxe2 Re8 22. Nb3 Qd6 23. Bf3 a5 24. Bd5 c6 25. Be4 g6 26. g4 Kg7 27. Qf3 Bb4 28. Kg2 Re6 29. h4 Rf6 30. Qe2 Rf4 31. Rg1 Qe5 32. Kf1 Be7 33. h5 Bd6 34. Nd2 g5 35. Nf3 Qc5 36. Bf5 b5 37. Ne1 Rxf5 38. gxf5 Qxf5 39. Nf3 bxc4 40. Nxd4 Qh3+ 41. Ke1 Bb4+ 42. Kd1 cxd3 43. Qe5+ Kg8 44. Qe8+ Bf8 45. Qe3 dxc2+ 46. Nxc2 Qxh5+ 47. Kc1 Qg6 48. Nd4 c5 49. Qa3 Bd7 50. Nc2 Qb6 51. Rd1 Be6 52. Qa4 Bd6 53. Ne3 Kg7 54. Rd2 Bf4 55. Rb2 Qa6 56. Qb5 Qxb5 57. Rxb5 Bxa2 58. Rxa5 Be6 59. Rxc5 h5 60. Kd2 Kg6 61. Ke2 g4 62. Ng2 Bg5 63. Ne3 h4 64. Kf1 h3 65. Rc3 Bf4 66. Kg1 Be5 67. Ra3 Bd7 68. Nf1 f5 69. Ra7 Be6 70. Ra6 Kf7 71. Ra5 Kf6 72. Ra6 Bd4 73. Ng3 Ke7 1/2-1/2

[Event "Poznan Schmidt Memorial"]
[Site "Poznan"]
[Date "2024.07.23"]
[Round "4"]
[White "Burdalev, Kirill"]
[Black "Schmidek, Emil"]
[Result "0-1"]
[WhiteElo "2349"]
[BlackElo "2433"]
[PlyCount "142"]
[EventDate "2024.07.20"]
[EventType "tourn"]
[EventRounds "9"]
[EventCountry "POL"]
[EventCategory "7"]
[SourceTitle "CBM 221 Extra"]
[Source "ChessBase"]
[SourceDate "2024.09.30"]
[SourceVersion "1"]
[SourceVersionDate "2024.09.30"]
[SourceQuality "1"]

1. d4 d5 2. c4 e6 3. Nf3 Nf6 4. Nc3 a6 5. c5 b6 6. cxb6 c5 7. Bf4 Bd6 8. Bxd6 Qxd6 9. dxc5 Qxc5 10. Qd4 Qd6 11. e3 0-0 12. Be2 Nc6 13. Qh4 Rb8 14. Na4 e5 15. a3 d4 16. Rd1 Be6 17. Nd2 Ne7 18. exd4 exd4 19. Qg3 Qc6 20. b3 Nf5 21. Qf3 Nd5 22. 0-0 Bd7 23. Bd3 g6 24. Rc1 Qa8 25. Be4 Be6 26. Rc5 Nfe7 27. Nc4 f5 28. Bd3 Nc8 29. Re1 Bf7 30. b4 Ndxb6 31. Qxa8 Nxa8 32. Rc6 a5 33. Nxa5 Be8 34. Bc4+ Kh8 35. Nc5 Bxc6 36. Nxc6 Rb6 37. Ne5 Nd6 38. Ncd7 Nxc4 39. Nxc4 Rc6 40. Na5 Rd8 41. Nxc6 Rxd7 42. Rd1 Rd6 43. b5 d3 44. a4 Kg7 45. Ne5 Rd4 46. a5 Rd5 47. Nxd3 Rxb5 48. Ra1 Nc7 49. Kf1 Na6 50. Ke2 Kf6 51. Ke3 Rd5 52. f4 h6 53. Ne5 g5 54. g3 Ke6 55. Ra4 gxf4+ 56. gxf4 Rb5 57. Kd4 Rd5+ 58. Kc3 Rc5+ 59. Kd3 Rxe5 60. fxe5 Nc5+ 61. Kc4 Nxa4 62. Kb4 f4 63. a6 f3 64. a7 Nb6 65. Kc5 Na8 66. Kc6 f2 67. Kb7 f1Q 68. Kxa8 Qb5 69. h4 Qb6 70. h5 Kf5 71. e6 Qc7 0-1

[Event "Poznan Schmidt Memorial"]
[Site "Poznan"]
[Date "2024.07.22"]
[Round "3"]
[White "Polzin, Rainer"]
[Black "Burdalev, Kirill"]
[Result "1/2-1/2"]
[WhiteElo "2407"]
[BlackElo "2349"]
[PlyCount "113"]
[EventDate "2024.07.20"]
[EventType "tourn"]
[EventRounds "9"]
[EventCountry "POL"]
[EventCategory "7"]
[SourceTitle "CBM 221 Extra"]
[Source "ChessBase"]
[SourceDate "2024.09.30"]
[SourceVersion "1"]
[SourceVersionDate "2024.09.30"]
[SourceQuality "1"]

1. e4 e5 2. Nf3 Nc6 3. Bb5 Nf6 4. 0-0 Nxe4 5. Re1 Nd6 6. Nxe5 Be7 7. Bf1 Nxe5 8. Rxe5 0-0 9. d4 Bf6 10. Re1 Re8 11. Bf4 Rxe1 12. Qxe1 Bxd4 13. Nc3 Ne8 14. Nd5 c6 15. Ne7+ Kf8 16. Nxc8 Qf6 17. Bg3 Rxc8 18. Qb4+ d6 19. Qxb7 Rc7 20. Qb8 Re7 21. Rd1 h5 22. h4 Be5 23. Bxe5 Qxe5 24. c3 d5 25. Qxe5 Rxe5 26. c4 Nf6 27. cxd5 Nxd5 28. Rc1 Ne7 29. Bc4 Ke8 30. Kf1 Nf5 31. g3 Nd6 32. Be2 Kd7 33. Bf3 c5 34. Re1 Rxe1+ 35. Kxe1 g6 36. Bd5 f6 37. Ke2 g5 38. Bf3 gxh4 39. gxh4 Nf5 40. Bxh5 Nxh4 41. Kd3 Ng2 42. Ke4 Kd6 43. Bg6 Ne1 44. Kf4 Kd5 45. b3 Kd4 46. Be4 Nd3+ 47. Bxd3 Kxd3 48. Kf5 Kc3 49. Kxf6 Kb2 50. f4 Kxa2 51. f5 Kxb3 52. Ke6 c4 53. f6 c3 54. f7 c2 55. f8Q c1Q 56. Qb8+ Kc2 57. Qxa7 1/2-1/2

[Event "Poznan Schmidt Memorial"]
[Site "Poznan"]
[Date "2024.07.20"]
[Round "1"]
[White "Gajek, Radoslaw"]
[Black "Burdalev, Kirill"]
[Result "1/2-1/2"]
[WhiteElo "2462"]
[BlackElo "2349"]
[PlyCount "128"]
[EventDate "2024.07.20"]
[EventType "tourn"]
[EventRounds "9"]
[EventCountry "POL"]
[EventCategory "7"]
[SourceTitle "CBM 221 Extra"]
[Source "ChessBase"]
[SourceDate "2024.09.30"]
[SourceVersion "1"]
[SourceVersionDate "2024.09.30"]
[SourceQuality "1"]

1. d4 d5 2. Nf3 Nf6 3. c4 c6 4. cxd5 cxd5 5. Nc3 Nc6 6. Bg5 e6 7. e3 Be7 8. Bd3 h6 9. Bh4 Ne4 10. Bxe7 Nxc3 11. bxc3 Qxe7 12. e4 dxe4 13. Bxe4 0-0 14. 0-0 Bd7 15. c4 Rfd8 16. Qe2 Be8 17. Rad1 Qf6 18. Qe3 Na5 19. Ne5 Rac8 20. d5 Nxc4 21. Nxc4 Rxc4 22. dxe6 Rxd1 23. exf7+ Bxf7 24. Rxd1 b6 25. g3 Rc7 26. Bb1 h5 27. h4 Qe7 28. Qf4 g6 29. Kh2 Kg7 30. Rd6 Rc4 31. Qd2 Qe5 32. Rd7 Rc7 33. Rxc7 Qxc7 34. Qd4+ Kh7 35. Qf6 Be8 36. f4 Qc5 37. Qb2 Bc6 38. Qd2 Qd5 39. Qxd5 Bxd5 40. f5 gxf5 41. Bxf5+ Kg7 42. a3 Bf3 43. g4 Bxg4 44. Bxg4 hxg4 45. Kg3 b5 46. Kxg4 a5 47. Kf4 a4 48. Ke4 b4 49. Kd3 b3 50. Kc3 Kh6 51. Kb2 Kh5 52. Kb1 Kxh4 53. Kb2 Kg4 54. Kb1 Kf4 55. Kb2 Ke4 56. Kb1 Kd3 57. Kb2 Kd4 58. Kb1 Kc4 59. Kb2 Kc5 60. Kb1 Kd4 61. Kb2 Kd3 62. Kb1 Kc3 63. Kc1 b2+ 64. Kb1 Kb3 1/2-1/2

[Event "Pardubice rapid op 35th"]
[Site "Pardubice"]
[Date "2024.07.18"]
[Round "5"]
[White "Bouska, Jiri"]
[Black "Burdalev, Kirill"]
[Result "0-1"]
[WhiteElo "2227"]
[BlackElo "2349"]
[PlyCount "100"]
[EventDate "2024.07.17"]
[EventType "swiss (rapid)"]
[EventRounds "9"]
[EventCountry "CZE"]
[SourceTitle "CBM 221 Extra"]
[Source "ChessBase"]
[SourceDate "2024.09.30"]
[SourceVersion "1"]
[SourceVersionDate "2024.09.30"]
[SourceQuality "1"]

1. e4 e5 2. Nf3 Nc6 3. Bb5 a6 4. Ba4 Bc5 5. 0-0 Nge7 6. c3 Ba7 7. d3 0-0 8. Bg5 f6 9. Bb3+ Kh8 10. Bh4 d5 11. exd5 Nxd5 12. Bg3 Be6 13. Nbd2 Qd7 14. Re1 Rad8 15. Qe2 Rfe8 16. Qf1 Bg8 17. Rad1 Nde7 18. Bc2 Nf5 19. Ne4 Nxg3 20. Nxg3 f5 21. d4 e4 22. Nd2 g6 23. Kh1 Qg7 24. b3 Ne7 25. Nc4 Nd5 26. Ne2 c6 27. Na5 Bb8 28. Nc4 b5 29. Ne5 Bxe5 30. dxe5 Qxe5 31. Nd4 Qf6 32. c4 Nc3 33. Ne2 Nxd1 34. Rxd1 Qb2 35. Bb1 bxc4 36. Rxd8 Rxd8 37. h4 Rd2 38. Ng3 Rxf2 39. Qg1 h5 40. bxc4 Bxc4 41. Qd1 Rd2 42. Qg1 Bd5 43. Qc5 Qxb1+ 44. Kh2 Rxg2+ 45. Kxg2 e3+ 46. Kh3 Qb8 47. Qe7 Kg8 48. Qf6 Qe8 49. Ne2 Kh7 50. Qg5 Bf3 0-1

[Event "Pardubice rapid op 35th"]
[Site "Pardubice"]
[Date "2024.07.17"]
[Round "3"]
[White "Nisipeanu, Liviu Dieter"]
[Black "Burdalev, Kirill"]
[Result "1-0"]
[WhiteElo "2583"]
[BlackElo "2349"]
[PlyCount "61"]
[EventDate "2024.07.17"]
[EventType "swiss (rapid)"]
[EventRounds "9"]
[EventCountry "CZE"]
[SourceTitle "CBM 221 Extra"]
[Source "ChessBase"]
[SourceDate "2024.09.30"]
[SourceVersion "1"]
[SourceVersionDate "2024.09.30"]
[SourceQuality "1"]

1. e4 e5 2. Nf3 Nc6 3. Bb5 Nf6 4. 0-0 Nxe4 5. d4 Nd6 6. Bxc6 dxc6 7. dxe5 Nf5 8. Qe2 Nd4 9. Nxd4 Qxd4 10. h3 Be6 11. Rd1 Qc4 12. Rd3 Be7 13. Nc3 0-0 14. b3 Qh4 15. Ne4 Rad8 16. Rf3 Qh5 17. Nf6+ Bxf6 18. exf6 Bd5 19. Re3 Qxe2 20. Rxe2 gxf6 21. Re3 h5 22. c4 Be6 23. Bb2 Kh7 24. Bxf6 Rd2 25. Rae1 Kg6 26. Be7 Re8 27. Rg3+ Kh7 28. Re5 Rd1+ 29. Kh2 Kh6 30. Bf6 Bd7 31. Bg7+ 1-0

[Event "Titled Tuesday intern op 16th Jul Early"]
[Site "Chess.com INT"]
[Date "2024.07.16"]
[Round "3"]
[White "Burdalev, Kirill"]
[Black "Turcsanyi, Vince Gergo"]
[Result "1-0"]
[WhiteElo "2349"]
[BlackElo "2223"]
[PlyCount "51"]
[EventDate "2024.07.16"]
[EventType "swiss (blitz)"]
[EventRounds "11"]
[EventCountry "USA"]
[SourceTitle "EXT 2025"]
[Source "ChessBase"]
[SourceDate "2024.10.14"]
[SourceVersion "1"]
[SourceVersionDate "2024.10.14"]
[SourceQuality "1"]

1. d4 Nf6 2. c4 c5 3. d5 b5 4. cxb5 a6 5. bxa6 g6 6. Nc3 Bg7 7. e4 0-0 8. Bc4 Qa5 9. a7 Nxe4 10. axb8Q Rxb8 11. Nge2 Nxc3 12. bxc3 Bxc3+ 13. Bd2 Bxd2+ 14. Qxd2 Qa3 15. Qc3 Qa4 16. 0-0 Rb4 17. Bb3 Qb5 18. Ng3 Bb7 19. Rac1 d6 20. Rfe1 Rc8 21. Rxe7 c4 22. Qf6 Qxd5 23. Ne4 Rf8 24. Qc3 cxb3 25. Nf6+ Kg7 26. Nxd5+ 1-0

[Event "Ricany op"]
[Site "Ricany"]
[Date "2024.07.06"]
[Round "9"]
[White "Jun, Rudolf Jr"]
[Black "Burdalev, Kirill"]
[Result "1/2-1/2"]
[WhiteElo "2232"]
[BlackElo "2348"]
[PlyCount "43"]
[EventDate "2024.06.29"]
[EventType "swiss"]
[EventRounds "9"]
[EventCountry "CZE"]
[SourceTitle "CBM 221 Extra"]
[Source "ChessBase"]
[SourceDate "2024.09.30"]
[SourceVersion "1"]
[SourceVersionDate "2024.09.30"]
[SourceQuality "1"]

1. e4 c6 2. d4 d5 3. Nd2 dxe4 4. Nxe4 Nf6 5. Nxf6+ exf6 6. Bf4 Be7 7. c3 Na6 8. Bd3 Nc7 9. Ne2 a5 10. a4 Nd5 11. Bg3 h5 12. h4 Bg4 13. Qd2 Qd7 14. Nf4 0-0 15. 0-0 g6 16. Bc4 Nxf4 17. Qxf4 Rfe8 18. Rfe1 Kg7 19. Re3 Be6 20. Bxe6 fxe6 21. Rae1 Bd8 22. Re4 1/2-1/2

[Event "Prague Golden Rapid op 19th"]
[Site "Prague"]
[Date "2024.06.23"]
[Round "4"]
[White "Bauma, Jiri"]
[Black "Burdalev, Kirill"]
[Result "0-1"]
[WhiteElo "2048"]
[BlackElo "2282"]
[PlyCount "92"]
[EventDate "2024.06.23"]
[EventType "swiss (rapid)"]
[EventRounds "7"]
[EventCountry "CZE"]
[SourceTitle "EXT 2025"]
[Source "ChessBase"]
[SourceDate "2024.10.14"]
[SourceVersion "1"]
[SourceVersionDate "2024.10.14"]
[SourceQuality "1"]

1. e4 e5 2. Bc4 Nf6 3. d3 Nc6 4. Nc3 Na5 5. Be3 Bb4 6. Bb3 d5 7. exd5 Nxd5 8. Bd2 Nxb3 9. axb3 0-0 10. Nf3 Bg4 11. h3 Bh5 12. g4 Bg6 13. 0-0 Bxc3 14. bxc3 e4 15. dxe4 Bxe4 16. Re1 Re8 17. c4 Nf6 18. Ng5 h6 19. Nxe4 Nxe4 20. Be3 Qf6 21. Qd4 Qf3 22. Kh2 c5 23. Qd5 Rad8 24. Qf5 Qxf5 25. gxf5 a6 26. f3 Nd6 27. f6 Nf5 28. Bxc5 Rd2+ 29. Kg1 Rc8 30. Re5 Nh4 31. Rh5 Nxf3+ 32. Kf1 g6 33. Be3 gxh5 34. Bxd2 Nxd2+ 35. Ke2 Ne4 36. Rg1+ Kf8 37. Ke3 Nxf6 38. Kd4 Rc6 39. c5 Ke7 40. b4 Re6 41. c4 Re4+ 42. Kd3 Rf4 43. Rg3 h4 44. Re3+ Kd7 45. b5 axb5 46. cxb5 Rb4 0-1

[Event "Usti nad Labem Chlumecky Rapid op"]
[Site "Usti nad Labem"]
[Date "2024.05.04"]
[Round "1"]
[White "Burdalev, Kirill"]
[Black "Novak, Lukas1"]
[Result "1-0"]
[WhiteElo "2286"]
[BlackElo "1766"]
[PlyCount "99"]
[EventDate "2024.05.04"]
[EventType "swiss (rapid)"]
[EventRounds "9"]
[EventCountry "CZE"]
[SourceTitle "CBM 220 Extra"]
[Source "ChessBase"]
[SourceDate "2024.07.31"]
[SourceVersion "1"]
[SourceVersionDate "2024.07.31"]
[SourceQuality "1"]

1. d4 d5 2. c4 c6 3. Nc3 Nf6 4. e3 e6 5. Nf3 Nbd7 6. Be2 Be7 7. b3 0-0 8. 0-0 Qc7 9. Bb2 b6 10. Rc1 Bb7 11. Bd3 Rfd8 12. Re1 c5 13. cxd5 Nxd5 14. Nxd5 Bxd5 15. e4 Bb7 16. Qe2 Bf6 17. h4 Qf4 18. Qe3 Qxe3 19. fxe3 Rac8 20. Red1 Be7 21. d5 exd5 22. exd5 Nf6 23. e4 h6 24. d6 Bf8 25. e5 Nd5 26. Be4 Nf4 27. Bxb7 Ne2+ 28. Kf2 Nxc1 29. Bxc8 Nxb3 30. axb3 Rxc8 31. e6 fxe6 32. Ne5 Rd8 33. d7 Be7 34. Nc6 Bxh4+ 35. Ke2 Rf8 36. d8Q Bxd8 37. Nxd8 Re8 38. Nc6 g5 39. Rd7 a5 40. Be5 b5 41. Nxa5 Ra8 42. Nb7 c4 43. bxc4 bxc4 44. Nc5 Ra2+ 45. Kf3 Ra3+ 46. Kg4 c3 47. Nxe6 c2 48. Rg7+ Kh8 49. Rg6+ Kh7 50. Nf8# 1-0

[Event "Usti nad Labem Chlumecky Rapid op"]
[Site "Usti nad Labem"]
[Date "2024.05.04"]
[Round "8"]
[White "Jurek, Josef"]
[Black "Burdalev, Kirill"]
[Result "1/2-1/2"]
[WhiteElo "2157"]
[BlackElo "2286"]
[PlyCount "34"]
[EventDate "2024.05.04"]
[EventType "swiss (rapid)"]
[EventRounds "9"]
[EventCountry "CZE"]
[SourceTitle "CBM 220 Extra"]
[Source "ChessBase"]
[SourceDate "2024.07.31"]
[SourceVersion "1"]
[SourceVersionDate "2024.07.31"]
[SourceQuality "1"]

1. Nf3 d5 2. d4 e6 3. c4 a6 4. cxd5 exd5 5. Nc3 c6 6. Qc2 Nf6 7. Bg5 Be6 8. e3 h6 9. Bf4 c5 10. dxc5 Bxc5 11. Be2 Nc6 12. a3 0-0 13. 0-0 Qe7 14. Rfd1 Rfd8 15. Rac1 Ba7 16. h3 d4 17. exd4 Nxd4 1/2-1/2

[Event "CZE-chT 2324"]
[Site "Czech Republic"]
[Date "2024.04.06"]
[Round "10.6"]
[White "Burdalev, Kirill"]
[Black "Nemec, Jachym"]
[Result "0-1"]
[WhiteElo "2343"]
[BlackElo "2416"]
[PlyCount "60"]
[EventDate "2023.10.14"]
[EventType "team-tourn"]
[EventRounds "11"]
[EventCountry "CZE"]
[SourceTitle "EXT 2025"]
[Source "ChessBase"]
[SourceDate "2024.10.14"]
[SourceVersion "1"]
[SourceVersionDate "2024.10.14"]
[SourceQuality "1"]
[WhiteTeam "Praha Dopravni Podnik"]
[BlackTeam "Pardubice"]
[WhiteTeamCountry "CZE"]
[BlackTeamCountry "CZE"]

1. d4 d5 2. c4 e6 3. Nf3 Nf6 4. e3 c6 5. Nc3 Nbd7 6. Be2 dxc4 7. a4 Bb4 8. Bxc4 0-0 9. 0-0 b6 10. Qe2 c5 11. d5 Bxc3 12. dxe6 Ne5 13. Rd1 Qe7 14. bxc3 Nxc4 15. Qxc4 Bxe6 16. Qh4 Bg4 17. h3 Bxf3 18. gxf3 Qe5 19. Bd2 Rad8 20. Be1 Qf5 21. Kg2 Rfe8 22. c4 Qc2 23. Rdc1 Qe2 24. Qf4 Re6 25. Bc3 Nh5 26. Qh4 Rg6+ 27. Kh2 Rd3 28. f4 Ng3 29. Rg1 Qxf2+ 30. Rg2 Nf1+ 0-1

[Event "CZE-chT1W 2324"]
[Site "Czech Republic"]
[Date "2024.03.24"]
[Round "10.2"]
[White "Velicka, Petr"]
[Black "Burdalev, Kirill"]
[Result "1/2-1/2"]
[WhiteElo "2373"]
[BlackElo "2344"]
[PlyCount "72"]
[EventDate "2023.10.29"]
[EventType "team-tourn"]
[EventRounds "11"]
[EventCountry "CZE"]
[SourceTitle "EXT 2025"]
[Source "ChessBase"]
[SourceDate "2024.10.14"]
[SourceVersion "1"]
[SourceVersionDate "2024.10.14"]
[SourceQuality "1"]
[WhiteTeam "Neratovice"]
[BlackTeam "Praha DP EA Hotels"]
[WhiteTeamCountry "CZE"]
[BlackTeamCountry "CZE"]

1. e4 e5 2. Nf3 Nc6 3. Bb5 Nf6 4. d3 Bc5 5. Bxc6 dxc6 6. Nbd2 Be6 7. Qe2 Bd6 8. Nc4 Bxc4 9. dxc4 Nd7 10. Be3 Qe7 11. 0-0 0-0 12. Rad1 a5 13. a4 Nc5 14. Bxc5 Bxc5 15. Nd2 Rad8 16. Nb3 b6 17. Rxd8 Rxd8 18. Rd1 Rxd1+ 19. Qxd1 g6 20. g3 Kg7 21. Kg2 Bd6 22. Qd3 h5 23. h4 c5 24. Nd2 c6 25. Nf3 Bc7 26. b3 Qd6 27. Qxd6 Bxd6 28. Nd2 Kf6 29. Nf1 Ke6 30. Ne3 f5 31. Kf3 Bf8 32. Nd1 Bh6 33. Nc3 Bd2 34. Nb1 Bh6 35. Nc3 Bd2 36. Nb1 Bh6 1/2-1/2